| 000 | 00630nam a2200193 a 4500 | ||
|---|---|---|---|
| 005 | 20140311163030.0 | ||
| 008 | 100225s19uu xx 00 eng d | ||
| 020 | _a9781600940644 | ||
| 050 |
_aRC 533 _b.C366 2009 |
||
| 100 | _aCarmin, Cheryl | ||
| 245 |
_aObsessive-Compulsive Disorder Demystified : _ban essential guide for understanding and living with OCD / _cCheryl Carmin. |
||
| 260 |
_aU.S.A : _bDa Capo Press, _c2009. |
||
| 300 |
_a292 p. : _c23 cm. |
||
| 521 | _aPSYCH | ||
| 650 |
_aObsessive-Compulsive Disoder _xtreatment _xguide. |
||
| 650 |
_aOCD _xresearch _xtreatment. |
||
| 942 |
_cBK _2lcc _kFOR |
||
| 999 |
_c39616 _d39616 |
||